| 000 | 00879nam a2200217 i 4500 | ||
|---|---|---|---|
| 001 | 182910 | ||
| 003 | ES-MaACL | ||
| 005 | 20250816091143.0 | ||
| 008 | 131216s1767 fr f |||| | fre d | ||
| 100 | 1 |
_aDuhamel Du Monceau, Henri-Louis. _9146391 |
|
| 245 | 1 | 0 |
_aArt du serrurier / _cpar M. Duhamel Du Monceau. |
| 260 |
_a[Paris : _bImp. L.F. Delatour, _c1767] |
||
| 300 |
_aIII, 302 p., 42 h. de lám. ; _c44 cm. |
||
| 490 | 1 | _aDescriptions des arts et métiers faites ou approuvées par Messieurs de l'Académie Royale des Sciences | |
| 530 | _aDisponible en formato digital. | ||
| 650 | 4 |
_aCerrajería- _vObras anteriores a 1800. _9153996 |
|
| 830 | 0 | 0 |
_aDescriptions des arts et métiers _9241750 |
| 852 |
_aES-MaACL _jR-55 _x Olim: C-10827-70 |
||
| 856 |
_uhttp://gallica.bnf.fr/ark:/12148/bpt6k1067602w?rk=21459;2 _zBNF-Gallica |
||
| 999 |
_c182910 _d182910 |
||